Guía para la integración de sistemas de gestión : (Registro nro. 218)
[ vista simple ]
| 000 -LEADER | |
|---|---|
| fixed length control field | 01827nam a2200301Ia 4500 |
| 003 - CONTROL NUMBER IDENTIFIER | |
| control field | PE SENCICO BE |
| 005 - DATE AND TIME OF LATEST TRANSACTION | |
| control field | 20251020182430.0 |
| 008 - FIXED-LENGTH DATA ELEMENTS--GENERAL INFORMATION | |
| fixed length control field | 200515s9999 xx 000 0 und d |
| 020 ## - INTERNATIONAL STANDARD BOOK NUMBER | |
| International Standard Book Number | 978-84-939618-7-9 |
| 040 ## - CATALOGING SOURCE | |
| Original cataloging agency | PE SENCICO BE |
| Transcribing agency | PE SENCICO BE |
| 041 ## - LANGUAGE CODE | |
| Language code of text/sound track or separate title | spa |
| 082 ## - DEWEY DECIMAL CLASSIFICATION NUMBER | |
| Classification number | 658.562 |
| Item number | A14 |
| 100 1# - MAIN ENTRY--PERSONAL NAME | |
| Personal name | Abril Sánchez, Cristina |
| 9 (RLIN) | 2511 |
| Relator term | autor |
| 245 10 - TITLE STATEMENT | |
| Title | Guía para la integración de sistemas de gestión : |
| Remainder of title | calidad, medio ambiente y seguridad y salud en el trabajo / |
| Statement of responsibility, etc. | Cristina Abril Sánchez, Antonio Enríquez Palomino, José Manuel Sánchez Rivero |
| 250 ## - EDITION STATEMENT | |
| Edition statement | 2a ed. |
| 260 ## - PUBLICATION, DISTRIBUTION, ETC. | |
| Place of publication, distribution, etc. | Madrid : |
| Name of publisher, distributor, etc. | Fundación Confemetal ; |
| Date of publication, distribution, etc. | [2012] |
| 300 ## - PHYSICAL DESCRIPTION | |
| Extent | 296 p. : |
| Other physical details | tbl., graf. ; |
| Dimensions | 23 cm. |
| 505 0# - FORMATTED CONTENTS NOTE | |
| Formatted contents note | La integración del sistema de gestión: antecedentes y situación actual -- El sistema de gestión de la calidad -- El sistema de gestión ambiental -- El sistema de gestión de la seguridad y salud en el trabajo -- Teoría sobre integración de sistemas de gestión: calidad, medio ambiente y seguridad y salud laboral -- Modelo de sistema integrado -- Fases del proceso de implantación de un sistema de gestión integrado. |
| 520 ## - SUMMARY, ETC. | |
| Summary, etc. | Se trata de no sólo de explicar los aspectos fundamentales de cada uno de los tres sistemas (calidad, medio ambiente y seguridad y salud en el trabajo) sino como se lleva a cabo la integración de los mismos, paso a paso y poner ejemplos prácticos que sirvan de modelo a aquéllos que se embarcan en este reto. <br/>El sistema integrado ... |
| 650 10 - SUBJECT ADDED ENTRY--TOPICAL TERM | |
| Topical term or geographic name entry element | Gestión de calidad |
| 9 (RLIN) | 486 |
| 650 20 - SUBJECT ADDED ENTRY--TOPICAL TERM | |
| Topical term or geographic name entry element | Medio ambiente |
| 9 (RLIN) | 2292 |
| 650 20 - SUBJECT ADDED ENTRY--TOPICAL TERM | |
| Topical term or geographic name entry element | Salud ocupacional |
| 9 (RLIN) | 581 |
| 650 20 - SUBJECT ADDED ENTRY--TOPICAL TERM | |
| Topical term or geographic name entry element | Gestión ambiental |
| 9 (RLIN) | 2290 |
| 650 20 - SUBJECT ADDED ENTRY--TOPICAL TERM | |
| Topical term or geographic name entry element | Seguridad industrial |
| 9 (RLIN) | 96 |
| 700 1# - ADDED ENTRY--PERSONAL NAME | |
| 9 (RLIN) | 2512 |
| Personal name | Enríquez Palomino, Antonio |
| Relator term | autor |
| 700 1# - ADDED ENTRY--PERSONAL NAME | |
| 9 (RLIN) | 2513 |
| Personal name | Sánchez Rivero, José Manuel |
| Relator term | autor |
| 942 ## - ADDED ENTRY ELEMENTS (KOHA) | |
| Koha item type | Libros |
| Source of classification or shelving scheme | Dewey Decimal Classification |
| Fecha de la última vez que lo usaron | Número de ingreso o de inventario | Pago total | Signatura topográfica completa | Código de barras | Precio efectivo desde | Tipo de documento | Estado perdido | Sistema de clasificación | Estado dañado | No es para préstamo | Retirado | Ubicación permanente | Ubicación actual | Fecha de adquisición |
|---|---|---|---|---|---|---|---|---|---|---|---|---|---|---|
| 15/05/2020 | 15907 | 658.562/A14/2012 | BibLima24080011 | 15/05/2020 | Libros | Dewey Decimal Classification | Biblioteca Central Lima | Biblioteca Central Lima | 15/05/2020 |